000
00249nam a2200097Ia 4500
001
689767
005
20250826161803.0
008
250824s9999 xx 000 0 und d
245
0
_a
MAİ VE SİYAH
_c
HALİD ZİYA UŞAKLIGİL
260
_b
ÖZGÜR YAYINLARI
999
_c
689767
_d
689767